00377 a2200145 450000100060000002000150000604000240002110000210004524000550006624500500012130000080017136200090017944000120018865000310020069465 a8508061315 cAnchieta - Itaigara aCarrasco, Walcyr10aO golpe do aniversariante e outras crônicaslpor10aO golpe do aniversariante e outras crônicas a1220 a1998 1aÁtica 4aLiteratura infanto-juvenil